000 00616nam a22001937a 4500
005 20251108173442.0
008 250721s9999 xx 000 0 ara d
082 1 4 _a218.2/مخت
100 1 _aالمختار، صفوك
245 1 0 _aأنيس المؤمنين من قصص الصالحين /
264 1 _aعمان :
_bدار الإسراء للنشر والتوزيع،
300 _a150ص
650 1 7 _aالسيرة النبوية
650 1 7 _aأخلاق الرسول
650 1 7 _aالأداب الإسلامية
650 1 7 _aالصحابة و التابعين
942 _2ddc
_cBK
999 _c104233
_d104233